Fundamentals of Pharmacognosy and Phytotherapy (Record no. 611)

MARC details
000 -LEADER
fixed length control field 00844cam a22002894a 4500
001 - CONTROL NUMBER
control field 13148203
003 - CONTROL NUMBER IDENTIFIER
control field OSt
005 - DATE AND TIME OF LATEST TRANSACTION
control field 20180321144749.0
008 - FIXED-LENGTH DATA ELEMENTS--GENERAL INFORMATION
fixed length control field 030404s2004 stka b 001 0 eng
010 ## - LIBRARY OF CONGRESS CONTROL NUMBER
LC control number 2003048876
020 ## - INTERNATIONAL STANDARD BOOK NUMBER
International Standard Book Number 0443071322
035 ## - SYSTEM CONTROL NUMBER
System control number (DNLM)101174632
040 ## - CATALOGING SOURCE
Original cataloging agency DNLM/DLC
Transcribing agency DLC
042 ## - AUTHENTICATION CODE
Authentication code pcc
050 00 - LIBRARY OF CONGRESS CALL NUMBER
Classification number RS160
Item number .F86 2004
060 10 - NATIONAL LIBRARY OF MEDICINE CALL NUMBER
Classification number QV 766
Item number F981 2004
082 00 - DEWEY DECIMAL CLASSIFICATION NUMBER
Classification number QV 752 F963m 2004
Edition number 21
100 ## - MAIN ENTRY--PERSONAL NAME
Personal name Michael Heinrich [et... al]
9 (RLIN) 11860
245 00 - TITLE STATEMENT
Title Fundamentals of Pharmacognosy and Phytotherapy
260 ## - PUBLICATION, DISTRIBUTION, ETC. (IMPRINT)
Place of publication, distribution, etc. Edinburgh ;
Name of publisher, distributor, etc. Churchill Livingstone,
Date of publication, distribution, etc. 2004.
300 ## - PHYSICAL DESCRIPTION
Extent ix, 309 p. :
Other physical details ill. ;
Dimensions 25 cm.
504 ## - BIBLIOGRAPHY, ETC. NOTE
Bibliography, etc Includes References, glossary and index.
650 #0 - SUBJECT ADDED ENTRY--TOPICAL TERM
Topical term or geographic name as entry element Pharmacognosy.
9 (RLIN) 1581
650 22 - SUBJECT ADDED ENTRY--TOPICAL TERM
Topical term or geographic name as entry element Phytotherapy.
9 (RLIN) 1584
906 ## - LOCAL DATA ELEMENT F, LDF (RLIN)
a 7
b cbc
c orignew
d 1
e ocip
f 20
g y-gencatlg
942 ## - ADDED ENTRY ELEMENTS (KOHA)
Source of classification or shelving scheme Other/Generic Classification Scheme
Koha item type Short Loan
Holdings
Withdrawn status Lost status Source of classification or shelving scheme Damaged status Not for loan Home library Current library Date acquired Source of acquisition Inventory number Total Checkouts Full call number Barcode Date last seen Koha item type
    Other/Generic Classification Scheme     MUST Main Library MUST Main Library 28/10/2014 Purchase 08/29437   QV752 F963m 2004 2014-3159 28/10/2014 Short Loan
    Other/Generic Classification Scheme     MUST Main Library MUST Main Library 28/10/2014 Purchase 08/29439   QV752 F963m 2004 2014-3160 28/10/2014 Short Loan
    Other/Generic Classification Scheme     MUST Main Library MUST Main Library 28/10/2014 Purchase 05/23891   QV752 F963m 2004 2014-3161 28/10/2014 Short Loan
    Other/Generic Classification Scheme     MUST Main Library MUST Main Library 01/06/2015 Purchases 08/29438   QV752 F963m 2004 2015-1706 01/06/2015 Open Shelf
    Other/Generic Classification Scheme     Pharmacy Department Library Pharmacy Department Library 20/03/2017 Purchase 11/00164   QV752 F963m 2004 2017-0417 20/03/2017 Short Loan
    Other/Generic Classification Scheme     Pharmacy Department Library Pharmacy Department Library 20/03/2017 Purchase 11/00165   QV752 F963m 2004 2017-0418 20/03/2017 Short Loan